000 00749cam a22002531 4500
999 _c23092
_d23092
001 8948150
003 BDDh-ASL
005 20231015030209.0
008 740604s1968 nyuac b 000 0ceng
010 _a 67011386
035 _a(OCoLC)908405
040 _aDLC
_cOTU
_dOCoLC
_dDLC
_dBDDh-ASL
050 0 0 _aCS439
_b.S22 1968
082 0 0 _a929.2097
_bJAS
100 1 _aJackson, Stanley,
_d1910-
245 1 4 _aThe Sassoons /
_c[by] Stanley Jackson.
250 _a[1st ed.]
260 _aNew York :
_aLondon:
_bDutton,
_bHeineman,
_c1968.
300 _axiii, 304 p. :
_billus., ports.
_c24 cm.
504 _aBibliography: p. [292]-295.
600 3 0 _aSassoon family.
906 _a7
_bcbc
_coclcrpl
_du
_encip
_f19
_gy-gencatlg
942 _2ddc
_cBK